| 000 | 00533nam a22002050a 4500 | ||
|---|---|---|---|
| 001 | PT34201 | ||
| 003 | AR-LpoUNG | ||
| 005 | 20210131230151.0 | ||
| 008 | 191001suuuu||||ag |||||||||||||||||spa d | ||
| 040 |
_aAR-LpoUNG _bspa _cAR-LpoUNG _eaacr |
||
| 041 | _aspa | ||
| 082 | 0 | _a982.062 571per | |
| 100 | 1 | _aSiepe, R. | |
| 245 | 1 | 0 | _aPerón y las relaciones económicas con el este |
| 260 |
_as.l. _bCentro Editor de América Latina, _cs.f. |
||
| 700 | 1 | _aGale, N. | |
| 700 | 1 | _aMonserrat Llairo, M. | |
| 905 | _a34201 | ||
| 942 | _cLIB | ||
| 999 |
_c1849 _d1849 |
||